| 000 | 01063cab a22002055a 4500 | ||
|---|---|---|---|
| 001 | L139881 | ||
| 008 | 070816e20070803xxk f w 000 0 eng d | ||
| 035 | _a(Sirsi) u139881 | ||
| 041 | 0 | _aeng | |
| 100 | 1 | _aGordon, Warren | |
| 245 | 0 | 0 | _aCase news |
| 260 | _c2007 | ||
| 490 |
_aProperty Week _v72(31) 3 August 2007, 72(1) |
||
| 520 | _aDiscusses the case of Chiltern District Council V Webb. Members of a travelling fair sought to use agricultural land permanently using hard-surfaced plots for their mobile homes. The application was rejected by the Secretary of State in 2002. In 2004 the fair moved onto the site. In 2007 the council applied for an injunction to clear the site. The High Court granted this. However it was suspended pending the outcome of a further planning application by the fair. Based on a government circular calling for more land for travelling showpeople this may be successful. | ||
| 590 | _aKA | ||
| 650 | 2 | 4 | _aCHILTERN DC V WEBB |
| 651 | 4 |
_aEngland and Wales _y1543- |
|
| 690 |
_aPlanning and development _96259 |
||
| 942 | _n0 | ||
| 999 |
_c79121 _d79121 |
||